000 00802nam a2200253Ia 4500
003 OSt
005 20220925235355.0
006 a|||||r|||| 00| 0
007 ta
008 220923b |||||||| |||| 00| 0 eng d
020 _a10:0195667204
037 _cGeneral Book
040 _aRTL
_cRTL
_beng
041 _2eng
_aeng
082 _az2, P8.8.2-5/RR
100 _aCHATTOPADHYAYA D P Ed.
245 0 _aHistory of science, philosophy and culture in Indian civilization.16V.
260 _a New Delhi
_bCSC
_c2008
490 _vVol:VIII,Pt.2: Peasant history of late pre-colonial and colonial India (939p)
650 _a Sociology
650 _aSocial Science India
_9301251
942 _hz2, P8.8.2-5/RR
_cGB
_2CC
999 _c597263
_d597263